00393nam a2200109Ia 4500008004100000020001800041082002000059100005100079245008900130260004700219300001700266230413s9999||||xx |||||||||||||| ||und|| a9788184002058 a658.4063bR1298 aRadjou, Navi; Prabhu, Jaideep & Ahuja, Simone 0aJugaad innovation: a frugal and flexible approach to innovation for the 21st century aNoidabRandom House Publishers Indiac2012 axiii, 317 p.